images (140×140)   Dow University of Health Sciences Library Catalogue

Welcome to Dow University of Health Sciences Library Online Public Access Catalog

Introduction to bioinformatics / (Record no. 31344)

MARC details
000 -LEADER
fixed length control field 00576nam a2200169Ia 4500
008 - FIXED-LENGTH DATA ELEMENTS--GENERAL INFORMATION
fixed length control field 250806s9999||||xx |||||||||||||| ||und||
020 ## - INTERNATIONAL STANDARD BOOK NUMBER
International Standard Book Number 9780199277872 (alk. paper)
060 ## - NATIONAL LIBRARY OF MEDICINE CALL NUMBER
Classification number QU 26.5
Item number .L47 2005
100 ## - MAIN ENTRY--PERSONAL NAME
Personal name Lesk, Arthur M.
245 #0 - TITLE STATEMENT
Title Introduction to bioinformatics /
Statement of responsibility, etc. Arthur M. Lesk.
250 ## - EDITION STATEMENT
Edition statement 2nd ed.
260 ## - PUBLICATION, DISTRIBUTION, ETC.
Place of publication, distribution, etc. Oxford ;;New York :
Name of publisher, distributor, etc. Oxford University Press,
Date of publication, distribution, etc. 2005
300 ## - PHYSICAL DESCRIPTION
Extent xviii, 360 p., x p. of plates :
Other physical details ill (some col.)
Dimensions 25 cm.
504 ## - BIBLIOGRAPHY, ETC. NOTE
Bibliography, etc. note Includes bibliographical references and index.
650 ## - SUBJECT ADDED ENTRY--TOPICAL TERM
Topical term or geographic name entry element Computational Biology
942 ## - ADDED ENTRY ELEMENTS (KOHA)
-- DIMC
Koha item type Books

No items available.




©2026, All rights reserved. Dow University of Health Sciences, Karachi, Pakistan.